000 00814nam a22003017a 4500
001 BR9402976
003 BR-BrBNA
005 20230928094206.0
007 ta
008 230509b bl.||||| |||| 00| 0 por d
040 _aBR-BrBNA
_bpor
_cBiblioteca Nacional de Agricultura
041 _a(Por)
072 _aK10
_b4420
090 _ 4420 BR9402976
110 1 _aEmpresa de Assistencia Tecnica e Extensao Rural do Rio Grande do Sul, Porto Alegre (Brasil)
245 1 _aViveiros florestais
260 3 _aPorto Alegre, RS (Brasil):
_c1993.
300 _a43 p.
500 _a11 ref.
650 _aArvore Florestal
650 _aMuda
650 _aProducao Florestal
650 _aPratica Cultural
650 _aSemeadura
650 _aViveiro
909 _a202309
_bLucia
_c55
_dLucia Elande
942 _cBK
999 _c49312
_d49312